Príjmová nerovnosť a nerovnosť bohatstva ako základný problém súčasného sveta

Analýza troch najvýznamnejších príčin, ktoré spôsobujú rast príjmovej nerovnosti a bohatstva vo svete ( globalizácia, technologický pokrok a pokles minimálnej mzdy).

Gespeichert in:
Bibliographische Detailangaben
1. Verfasser: Veselková, Alexandra
Weitere Verfasser: Holková, Vieroslava
Format: Buchkapitel
Sprache:Slowakisch
Schlagworte:
Tags: Tag hinzufügen
Keine Tags, Fügen Sie das erste Tag hinzu!

MARC

LEADER 00000naa a2200000 4500
001 0197010
005 20240502073325.1
041 0 |a slo 
044 |a SK 
245 1 0 |a Príjmová nerovnosť a nerovnosť bohatstva ako základný problém súčasného sveta  |c Alexandra Veselková, Vieroslava Holková 
520 |a Analýza troch najvýznamnejších príčin, ktoré spôsobujú rast príjmovej nerovnosti a bohatstva vo svete ( globalizácia, technologický pokrok a pokles minimálnej mzdy). 
610 2 0 |a diferenciácia mzdová 
610 2 0 |a diferenciácia sociálna 
610 2 0 |a pokrok technologický 
610 2 0 |a mzdy minimálne 
610 2 0 |a globalizácia 
610 2 0 |a hospodárstvo trhové 
100 1 |a Veselková, Alexandra 
700 1 |a Holková, Vieroslava